| 000 | 01115nam a22002775a 4500 | ||
|---|---|---|---|
| 003 | OSt | ||
| 005 | 20170305150119.0 | ||
| 008 | 170305s2007 ua frb 000 0 ara d | ||
| 015 | _a2007 / 2276 | ||
| 020 | _a4770451479 | ||
| 040 |
_aEG-ScBUE _bara _cEG-ScBUE |
||
| 043 |
_ae-uk-en _an-us--- |
||
| 082 | 0 | 4 |
_a345 _bع و ض _222 |
| 100 | 1 | _aعوض، رمزي رياض. | |
| 245 | 1 | 2 |
_aالأحكام العامة في القانون الجنائي الأنجلو أمريكي / _cرمزي رياض عوض. |
| 260 |
_aالقاهرة : _bدار النهضة العربية، _c2007. |
||
| 300 |
_a393 ص. ؛ _c24 سم. |
||
| 504 | _aيشتمل على إرجاعات ببليوجرافية. | ||
| 650 | 7 |
_aالقانون الجنائي _zانجلترا. _2BUEsh |
|
| 650 | 7 |
_aالقانون الجنائي _zالولايات المتحدة الأمريكية. _2BUEsh |
|
| 650 | 7 |
_aالأحكام الجنائية _zانجلترا. _2BUEsh |
|
| 650 | 7 |
_aالأحكام الجنائية _zالولايات المتحدة الأمريكية. _2BUEsh |
|
| 651 | _2BUEsh | ||
| 653 |
_bLLAAWW _cMarch2017 |
||
| 942 | _2ddc | ||
| 999 |
_c24325 _d24297 |
||